No hay otra alternativa: La cancelación de la deuda o la muerte política de los procesos democráticos en América Latina
Saved in:
| Main Author: | |
|---|---|
| Format: | Text |
| Published: |
La Habana:
Editora Política
|
| Tags: |
Add Tag
No Tags, Be the first to tag this record!
|
MARC
| LEADER | 00000 a a2200000 04500 | ||
|---|---|---|---|
| 001 | 18965 | ||
| 003 | |||
| 040 | |||
| 090 | |a 017300 | ||
| 100 | |a Castro Ruz, Fidel | ||
| 245 | |a No hay otra alternativa: La cancelación de la deuda o la muerte política de los procesos democráticos en América Latina | ||
| 260 | |a La Habana: |b Editora Política | ||
| 300 | |a 61 p. | ||
| 999 | |c 11808 |d 11808 | ||
